<?xml version="1.0" encoding="UTF-8"?>
<record
    xmlns:xsi="http://www.w3.org/2001/XMLSchema-instance"
    xsi:schemaLocation="http://www.loc.gov/MARC21/slim http://www.loc.gov/standards/marcxml/schema/MARC21slim.xsd"
    xmlns="http://www.loc.gov/MARC21/slim">

  <leader>00372nam a2200157Ia 4500</leader>
  <controlfield tag="008">231217s9999    xx            000 0 und d</controlfield>
  <datafield tag="041" ind1=" " ind2=" ">
    <subfield code="a">English</subfield>
  </datafield>
  <datafield tag="082" ind1=" " ind2=" ">
    <subfield code="a">620.3  THO;2</subfield>
  </datafield>
  <datafield tag="100" ind1=" " ind2=" ">
    <subfield code="a">Thomson, William T</subfield>
  </datafield>
  <datafield tag="245" ind1=" " ind2="0">
    <subfield code="a">Theory of vibration with applications</subfield>
  </datafield>
  <datafield tag="250" ind1=" " ind2=" ">
    <subfield code="a">3rd ed. </subfield>
  </datafield>
  <datafield tag="260" ind1=" " ind2=" ">
    <subfield code="c">1988</subfield>
    <subfield code="b">CBS</subfield>
  </datafield>
  <datafield tag="300" ind1=" " ind2=" ">
    <subfield code="a">vii+467</subfield>
  </datafield>
  <datafield tag="650" ind1=" " ind2=" ">
    <subfield code="a">Vibration</subfield>
  </datafield>
  <datafield tag="942" ind1=" " ind2=" ">
    <subfield code="c">AA</subfield>
  </datafield>
  <datafield tag="999" ind1=" " ind2=" ">
    <subfield code="c">160979</subfield>
    <subfield code="d">160979</subfield>
  </datafield>
  <datafield tag="952" ind1=" " ind2=" ">
    <subfield code="r">2024-01-26 00:00:00</subfield>
    <subfield code="l">0</subfield>
    <subfield code="o">620.3  THO;2</subfield>
    <subfield code="p">1763</subfield>
    <subfield code="v">68.00</subfield>
    <subfield code="w">2024-01-26</subfield>
    <subfield code="y">AA</subfield>
    <subfield code="1">0</subfield>
    <subfield code="4">0</subfield>
    <subfield code="7">0</subfield>
    <subfield code="8">CL</subfield>
    <subfield code="0">0</subfield>
    <subfield code="a">ML</subfield>
    <subfield code="b">ML</subfield>
    <subfield code="d">1990-07-25</subfield>
    <subfield code="e">BBB</subfield>
    <subfield code="g">80.00</subfield>
    <subfield code="E">ME</subfield>
    <subfield code="K">351</subfield>
    <subfield code="L">13/08/1990</subfield>
    <subfield code="G">RS</subfield>
    <subfield code="F">1</subfield>
    <subfield code="V">12</subfield>
    <subfield code="W">15</subfield>
  </datafield>
  <datafield tag="952" ind1=" " ind2=" ">
    <subfield code="r">2024-01-26 00:00:00</subfield>
    <subfield code="l">0</subfield>
    <subfield code="o">620.3  THO</subfield>
    <subfield code="p">1764</subfield>
    <subfield code="v">68.00</subfield>
    <subfield code="w">2024-01-26</subfield>
    <subfield code="y">AA</subfield>
    <subfield code="1">0</subfield>
    <subfield code="4">0</subfield>
    <subfield code="7">0</subfield>
    <subfield code="8">CL</subfield>
    <subfield code="0">0</subfield>
    <subfield code="a">ML</subfield>
    <subfield code="b">ML</subfield>
    <subfield code="d">1990-07-25</subfield>
    <subfield code="e">BBB</subfield>
    <subfield code="g">80.00</subfield>
    <subfield code="E">ME</subfield>
    <subfield code="K">351</subfield>
    <subfield code="L">13/08/1990</subfield>
    <subfield code="G">RS</subfield>
    <subfield code="F">1</subfield>
    <subfield code="V">12</subfield>
    <subfield code="W">15</subfield>
  </datafield>
  <datafield tag="952" ind1=" " ind2=" ">
    <subfield code="r">2024-01-26 00:00:00</subfield>
    <subfield code="l">0</subfield>
    <subfield code="o">620.3  THO;4</subfield>
    <subfield code="p">1982</subfield>
    <subfield code="v">68.00</subfield>
    <subfield code="w">2024-01-26</subfield>
    <subfield code="y">AA</subfield>
    <subfield code="1">0</subfield>
    <subfield code="4">0</subfield>
    <subfield code="7">0</subfield>
    <subfield code="8">CL</subfield>
    <subfield code="0">0</subfield>
    <subfield code="a">ML</subfield>
    <subfield code="b">ML</subfield>
    <subfield code="d">1996-07-25</subfield>
    <subfield code="e">Sapna Book House</subfield>
    <subfield code="g">80.00</subfield>
    <subfield code="E">ME</subfield>
    <subfield code="K">13586</subfield>
    <subfield code="L">13/08/1990</subfield>
    <subfield code="G">RS</subfield>
    <subfield code="F">1</subfield>
    <subfield code="V">12</subfield>
    <subfield code="W">15</subfield>
  </datafield>
  <datafield tag="952" ind1=" " ind2=" ">
    <subfield code="r">2024-01-26 00:00:00</subfield>
    <subfield code="l">0</subfield>
    <subfield code="o">620.3  THO;1</subfield>
    <subfield code="p">1983</subfield>
    <subfield code="v">68.00</subfield>
    <subfield code="w">2024-01-26</subfield>
    <subfield code="y">AA</subfield>
    <subfield code="1">0</subfield>
    <subfield code="4">0</subfield>
    <subfield code="7">0</subfield>
    <subfield code="8">CL</subfield>
    <subfield code="0">0</subfield>
    <subfield code="a">ML</subfield>
    <subfield code="b">ML</subfield>
    <subfield code="d">1996-07-25</subfield>
    <subfield code="e">Sapna Book House</subfield>
    <subfield code="g">80.00</subfield>
    <subfield code="E">ME</subfield>
    <subfield code="K">13586</subfield>
    <subfield code="L">13/08/1990</subfield>
    <subfield code="G">RS</subfield>
    <subfield code="F">1</subfield>
    <subfield code="V">12</subfield>
    <subfield code="W">15</subfield>
  </datafield>
  <datafield tag="952" ind1=" " ind2=" ">
    <subfield code="r">2024-04-02 00:00:00</subfield>
    <subfield code="l">1</subfield>
    <subfield code="o">620.3  THO;3</subfield>
    <subfield code="p">1984</subfield>
    <subfield code="q">2016-03-16</subfield>
    <subfield code="s">2024-04-02</subfield>
    <subfield code="v">68.00</subfield>
    <subfield code="w">2024-01-26</subfield>
    <subfield code="y">AA</subfield>
    <subfield code="1">0</subfield>
    <subfield code="4">0</subfield>
    <subfield code="7">0</subfield>
    <subfield code="8">CL</subfield>
    <subfield code="0">0</subfield>
    <subfield code="a">ML</subfield>
    <subfield code="b">ML</subfield>
    <subfield code="d">1996-07-25</subfield>
    <subfield code="e">Sapna Book House</subfield>
    <subfield code="g">80.00</subfield>
    <subfield code="E">ME</subfield>
    <subfield code="K">13586</subfield>
    <subfield code="L">13/08/1990</subfield>
    <subfield code="G">RS</subfield>
    <subfield code="F">1</subfield>
    <subfield code="V">12</subfield>
    <subfield code="W">15</subfield>
  </datafield>
  <datafield tag="952" ind1=" " ind2=" ">
    <subfield code="r">2024-01-26 00:00:00</subfield>
    <subfield code="l">0</subfield>
    <subfield code="o">620.3  THO;6</subfield>
    <subfield code="p">6012</subfield>
    <subfield code="v">68.00</subfield>
    <subfield code="w">2024-01-26</subfield>
    <subfield code="y">AA</subfield>
    <subfield code="1">0</subfield>
    <subfield code="4">0</subfield>
    <subfield code="7">0</subfield>
    <subfield code="8">CL</subfield>
    <subfield code="0">0</subfield>
    <subfield code="a">ML</subfield>
    <subfield code="b">ML</subfield>
    <subfield code="d">1993-12-04</subfield>
    <subfield code="e">Gangarams books bureu</subfield>
    <subfield code="g">80.00</subfield>
    <subfield code="E">ME</subfield>
    <subfield code="K">184</subfield>
    <subfield code="L">26/03/1996</subfield>
    <subfield code="G">RS</subfield>
    <subfield code="F">1</subfield>
    <subfield code="V">12</subfield>
    <subfield code="W">15</subfield>
  </datafield>
  <datafield tag="952" ind1=" " ind2=" ">
    <subfield code="r">2024-01-26 00:00:00</subfield>
    <subfield code="l">0</subfield>
    <subfield code="o">620.3  THO;5</subfield>
    <subfield code="p">8974</subfield>
    <subfield code="v">68.00</subfield>
    <subfield code="w">2024-01-26</subfield>
    <subfield code="y">AA</subfield>
    <subfield code="z">SC ST (243)</subfield>
    <subfield code="1">0</subfield>
    <subfield code="4">0</subfield>
    <subfield code="7">0</subfield>
    <subfield code="8">CL</subfield>
    <subfield code="0">0</subfield>
    <subfield code="a">ML</subfield>
    <subfield code="b">ML</subfield>
    <subfield code="c">SC-ST</subfield>
    <subfield code="d">1996-07-22</subfield>
    <subfield code="g">80.00</subfield>
    <subfield code="E">SC-ST</subfield>
    <subfield code="L">21/07/1999</subfield>
    <subfield code="G">RS</subfield>
    <subfield code="F">1</subfield>
    <subfield code="V">12</subfield>
    <subfield code="W">15</subfield>
  </datafield>
</record>
